00679nam a2200241 a 4500001001300000003000900013005001700022008004100039020001000080082001300090100001500103245002900118260004300147300000900190500003500199505001400234650003300248700001500281902000800296942000700304952011300311999001300424nice12345678IN_TiNIC20260116011258.0050524s1958 phia grp 000 0 eng  ac10000a291bBAE aBaeck, Leo aJudaism and Christianity aPhiladelphiabJewish Publicationc1958 a292p aincludes index and biblioraphy2 a1942-1945 aComparative Religion-Judaism1 aBaeck, Leo bSRS cBK 001040708StackRoom-aHMIbHMId2007-08-01g100.00l0o291 BAEp02799r2007-08-01v100.00w2005-05-24yBK c126d126